000 00304nam a22001337a 4500
008 221004b ||||| |||| 00| 0 eng d
041 _aeng
080 _2sixth edition
_a616.15
082 _a616.15
100 _a15.1
101 _aHEMA
245 _aCLINICAL HEMATOLOGY
_cWINTROBE M
942 _2udc
_cBK
999 _c58338
_d58338